Score 0/7 Timer 02:00
0 Plays Today
Hint(s) 3-Letter Word % Correct
Sausage snack, sold at baseball games (two words).►HOT  
95%
Tall burger, sold at McDonald's (two words).►BIG  
89.3%
◄ Sing without words / ► You dunk chips in this. HUM 
80.5%
◄ Pizza ___ / ► Archaeologist's project. HUT 
76.9%
◄ Pixar, A ___'s Life / ► Where you'd find an X. BUG 
74.5%
◄ Floor mat or toupee / ► Talk on a song. RUG 
71.9%
◄ ... and a bottle of ___ / ► Tear up. RUM 
71.5%

Today's Daily Dose

Remove Ads.
Support Sporcle.
Get the best of Sporcle when you Go Orange. This ad-free experience offers more features, more stats, and more fun while also helping to support Sporcle. Thank you for becoming a member.

You're not logged in!

Compare scores with friends on all Sporcle quizzes.
OR
Log In

Show Comments

Extras

Top Quizzes Today


Score Distribution

Your Account Isn't Verified!

In order to create a playlist on Sporcle, you need to verify the email address you used during registration. Go to your Sporcle Settings to finish the process.

Report this User

Report this user for behavior that violates our Community Guidelines.

Details: